[Event "Rottach Egern Seniors Cup 12th"]
[Site "Rottach Egern"]
[Date "2024.04.12"]
[Round "7"]
[White "Pruefer, Friedbert"]
[Black "Loew, Gerald"]
[Result "1/2-1/2"]
[WhiteElo "2209"]
[BlackElo "2175"]
[PlyCount "41"]
[EventDate "2024.04.06"]
[EventType "swiss"]
[EventRounds "9"]
[EventCountry "GER"]
[SourceTitle "CB16_2024"]
[SourceDate "2024.04.17"]
[SourceVersion "1"]
[SourceVersionDate "2024.04.17"]
[SourceQuality "1"]

1. d4 d5 2. Bf4 c5 3. e3 Nc6 4. c3 Nf6 5. Nd2 Bf5 6. Qb3 Qd7 7. Ngf3 c4 8. Qd1 e6 9. a4 Bd6 10. Bxd6 Qxd6 11. b3 cxb3 12. Qxb3 0-0 13. Be2 b6 14. Ba6 Rab8 15. 0-0 Ne8 16. Nh4 Bg4 17. Bb5 Na5 18. Qb4 Qd8 19. Nhf3 Bxf3 20. Nxf3 Nd6 21. Ba6 1/2-1/2

[Event "Rottach Egern Seniors Cup 12th"]
[Site "Rottach Egern"]
[Date "2024.04.11"]
[Round "6"]
[White "Schoetzig, Detlef"]
[Black "Pruefer, Friedbert"]
[Result "0-1"]
[WhiteElo "2068"]
[BlackElo "2209"]
[PlyCount "84"]
[EventDate "2024.04.06"]
[EventType "swiss"]
[EventRounds "9"]
[EventCountry "GER"]
[SourceTitle "CB16_2024"]
[SourceDate "2024.04.17"]
[SourceVersion "1"]
[SourceVersionDate "2024.04.17"]
[SourceQuality "1"]

1. d4 Nf6 2. Nf3 c5 3. dxc5 e6 4. Be3 Na6 5. Nc3 Bxc5 6. Bxc5 Nxc5 7. Qd4 Qb6 8. b4 Na6 9. a3 d5 10. e3 Qxd4 11. Nxd4 Nc7 12. Ncb5 Nxb5 13. Nxb5 Ke7 14. c4 Bd7 15. Nd4 a5 16. b5 Rhc8 17. cxd5 Nxd5 18. Bd3 Nc3 19. Kd2 e5 20. Nf5+ Bxf5 21. Bxf5 Rc5 22. Rhc1 Rd8+ 23. Ke1 g6 24. Bg4 f5 25. Bf3 e4 26. Bd1 Rxd1+ 27. Rxd1 Nxd1 28. Kxd1 Rxb5 29. Kc2 a4 30. Kc3 Rb3+ 31. Kd4 Kd6 32. Rc1 b5 33. Rc3 Rxc3 34. Kxc3 Kc5 35. f3 exf3 36. gxf3 g5 37. e4 fxe4 38. fxe4 h5 39. e5 g4 40. e6 Kd6 41. Kb4 h4 42. Kxb5 g3 0-1

[Event "Rottach Egern Seniors Cup 11th"]
[Site "Rottach Egern"]
[Date "2023.04.17"]
[Round "3"]
[White "Harsch, Martin"]
[Black "Pruefer, Friedbert"]
[Result "0-1"]
[WhiteElo "1890"]
[BlackElo "2233"]
[PlyCount "86"]
[EventDate "2023.04.15"]
[EventType "swiss"]
[EventRounds "9"]
[EventCountry "GER"]
[SourceTitle "EXT 2024"]
[Source "ChessBase"]
[SourceDate "2023.10.10"]
[SourceVersion "1"]
[SourceVersionDate "2023.10.10"]
[SourceQuality "1"]

1. e4 d5 2. exd5 Qxd5 3. Nf3 Nf6 4. d4 Bg4 5. Be2 Bxf3 6. Bxf3 Qe6+ 7. Qe2 Qxe2+ 8. Kxe2 c6 9. c4 Nbd7 10. Bf4 e6 11. Rd1 Be7 12. Nc3 0-0 13. Rac1 Rfe8 14. Kf1 Bf8 15. Ne4 Nxe4 16. Bxe4 Nf6 17. Bf3 Red8 18. g4 Bd6 19. Bxd6 Rxd6 20. g5 Ne8 21. d5 cxd5 22. cxd5 e5 23. Re1 f6 24. Bg4 Kf8 25. Be6 Rb6 26. Rc2 Rb4 27. gxf6 gxf6 28. Rec1 Ke7 29. b3 h6 30. Rc3 Rh4 31. Kg2 Rd8 32. Re3 Kd6 33. Rec3 Ng7 34. Bf7 Rd7 35. Bg8 Nh5 36. Kh1 Nf4 37. Rd1 Rg7 38. Rg3 Rg5 39. Rd2 Rhg4 40. Rxg4 Rxg4 41. Bh7 Nxd5 42. f3 Rd4 43. Re2 Rd1+ 0-1

[Event "Bodensee op Seniors 6th"]
[Site "Bregenz"]
[Date "2022.05.28"]
[Round "7"]
[White "Laengl, Juergen"]
[Black "Pruefer, Friedbert"]
[Result "1/2-1/2"]
[WhiteElo "2206"]
[BlackElo "2251"]
[PlyCount "30"]
[EventDate "2022.05.22"]
[EventType "swiss"]
[EventRounds "7"]
[EventCountry "AUT"]
[SourceTitle "CBM 208 Extra"]
[Source "ChessBase"]
[SourceDate "2022.07.31"]
[SourceVersion "1"]
[SourceVersionDate "2022.07.31"]
[SourceQuality "1"]

1. d4 Nf6 2. Nc3 g6 3. e4 d6 4. f4 Bg7 5. Nf3 0-0 6. Bd3 Nc6 7. e5 dxe5 8. dxe5 Nd5 9. Nxd5 Qxd5 10. Qe2 Bg4 11. Be4 Qe6 12. c3 f6 13. Qb5 Qc8 14. 0-0 Bd7 15. Bd5+ Kh8 1/2-1/2

[Event "Rottach Egern Seniors Cup 10th"]
[Site "Rottach Egern"]
[Date "2022.03.26"]
[Round "1"]
[White "Zilch, Lothar"]
[Black "Pruefer, Friedbert"]
[Result "0-1"]
[WhiteElo "1887"]
[BlackElo "2227"]
[PlyCount "50"]
[EventDate "2022.03.26"]
[EventType "swiss"]
[EventRounds "9"]
[EventCountry "GER"]
[SourceTitle "CBM 207 Extra"]
[Source "ChessBase"]
[SourceDate "2022.05.31"]
[SourceVersion "1"]
[SourceVersionDate "2022.05.31"]
[SourceQuality "1"]

1. c4 Nf6 2. Nc3 d5 3. cxd5 Nxd5 4. d4 g6 5. Nf3 Bg7 6. g3 0-0 7. Bd2 Nc6 8. e3 e5 9. dxe5 Bg4 10. Be2 Ndb4 11. 0-0 Nd3 12. Nd4 Bxe2 13. Qxe2 Nxd4 14. exd4 Qxd4 15. Be3 Qc4 16. f4 Rad8 17. Rfd1 f6 18. exf6 Rxf6 19. Bd2 Re6 20. Qf3 Nxb2 21. f5 gxf5 22. Rf1 Qc5+ 23. Kh1 Rxd2 24. Rac1 Qc6 25. Ne4 Qxe4 0-1

[Event "EU-ch Online U2300 Qual"]
[Site "Chess.com INT"]
[Date "2020.05.25"]
[Round "4"]
[White "Gunduz, Umut Erdem"]
[Black "Pruefer, Friedbert"]
[Result "1/2-1/2"]
[WhiteElo "2137"]
[BlackElo "2249"]
[PlyCount "84"]
[EventDate "2020.05.25"]
[EventType "swiss"]
[EventRounds "8"]
[EventCountry "NET"]
[SourceTitle "EXT 2021"]
[Source "ChessBase"]
[SourceDate "2020.10.23"]
[SourceVersion "1"]
[SourceVersionDate "2020.10.23"]
[SourceQuality "1"]

1. e4 d6 2. d4 Nf6 3. Nc3 g6 4. f4 Bg7 5. Nf3 0-0 6. e5 dxe5 7. fxe5 Nd5 8. Bc4 Be6 9. Nxd5 Bxd5 10. Bxd5 Qxd5 11. Qe2 c5 12. c4 Qd7 13. d5 e6 14. d6 f6 15. Bf4 Nc6 16. 0-0-0 fxe5 17. Bxe5 Nxe5 18. Nxe5 Bxe5 19. Qxe5 Rf5 20. Qe4 Raf8 21. Rhe1 R8f6 22. g4 Rf2 23. g5 R2f4 24. gxf6 Rxe4 25. Rxe4 Kf7 26. Rf4 g5 27. Rff1 h5 28. Kd2 Qxd6+ 29. Kc1 Qc7 30. Rd2 g4 31. Re2 h4 32. b3 h3 33. Kd2 g3 34. hxg3 Qxg3 35. Rff2 Qd6+ 36. Ke1 Qd3 37. Rd2 Qb1+ 38. Ke2 Qe4+ 39. Kd1 Qb1+ 40. Ke2 Qe4+ 41. Kf1 Qh1+ 42. Ke2 Qe4+ 1/2-1/2

[Event "EU-ch Online U2300 Qual"]
[Site "Chess.com INT"]
[Date "2020.05.25"]
[Round "5"]
[White "Palchuk, Andrii"]
[Black "Pruefer, Friedbert"]
[Result "1-0"]
[WhiteElo "2183"]
[BlackElo "2249"]
[PlyCount "105"]
[EventDate "2020.05.25"]
[EventType "swiss"]
[EventRounds "8"]
[EventCountry "NET"]
[SourceTitle "EXT 2021"]
[Source "ChessBase"]
[SourceDate "2020.10.23"]
[SourceVersion "1"]
[SourceVersionDate "2020.10.23"]
[SourceQuality "1"]

1. e4 d6 2. d4 Nf6 3. Nc3 g6 4. Nf3 Bg7 5. Be2 0-0 6. 0-0 c6 7. a4 Qc7 8. Be3 e5 9. dxe5 dxe5 10. Nd2 Rd8 11. a5 Nbd7 12. Qb1 Nf8 13. Nb3 Ne6 14. Rd1 Bd7 15. Qa2 Be8 16. h3 Bf8 17. Bc4 Nf4 18. Nc5 b6 19. Nd3 b5 20. Bb3 b4 21. Bxf4 exf4 22. e5 bxc3 23. exf6 cxb2 24. Qxb2 c5 25. Qc3 Rac8 26. Ne5 Bd6 27. Nc4 Bb5 28. Re1 Re8 29. Rab1 Ba6 30. Rbd1 Rxe1+ 31. Qxe1 Bxc4 32. Bxc4 Be5 33. Qd2 Bxf6 34. Qd7 Qxd7 35. Rxd7 Rb8 36. Rxf7 Be5 37. Re7+ Kf8 38. Rxe5 Rb4 39. Rxc5 Rb2 40. Bb3 Rb1+ 41. Kh2 Rf1 42. Rc8+ Ke7 43. Rc7+ Kd6 44. Rxa7 Rxf2 45. Kg1 Rd2 46. Rxh7 Ke5 47. Re7+ Kf5 48. a6 Rd1+ 49. Kh2 Ra1 50. a7 g5 51. Bd5 g4 52. hxg4+ Kxg4 53. a8Q 1-0

[Event "EU-ch Online U2300 Qual"]
[Site "Chess.com INT"]
[Date "2020.05.25"]
[Round "3"]
[White "Pruefer, Friedbert"]
[Black "Akhmedov, David"]
[Result "0-1"]
[WhiteElo "2249"]
[BlackElo "1808"]
[PlyCount "34"]
[EventDate "2020.05.25"]
[EventType "swiss"]
[EventRounds "8"]
[EventCountry "NET"]
[SourceTitle "EXT 2021"]
[Source "ChessBase"]
[SourceDate "2020.10.23"]
[SourceVersion "1"]
[SourceVersionDate "2020.10.23"]
[SourceQuality "1"]

1. d4 d6 2. e4 Nf6 3. Nc3 e5 4. Nge2 Be7 5. g3 0-0 6. Bg2 exd4 7. Nxd4 d5 8. exd5 Bb4 9. 0-0 Bxc3 10. bxc3 Nxd5 11. c4 Nc3 12. Qf3 Qxd4 13. Ba3 c5 14. Qh5 Na6 15. Rad1 Nxd1 16. Rxd1 Qg4 17. Qd5 Be6 0-1

[Event "Leipzig VfB op 25th"]
[Site "Leipzig"]
[Date "2018.03.22"]
[Round "5"]
[White "John, Tom"]
[Black "Pruefer, Friedbert"]
[Result "0-1"]
[WhiteElo "1914"]
[BlackElo "2162"]
[PlyCount "102"]
[EventDate "2018.03.20"]
[EventType "swiss"]
[EventRounds "9"]
[EventCountry "GER"]
[SourceTitle "CBM 183 Extra"]
[Source "ChessBase"]
[SourceDate "2018.04.19"]
[SourceVersion "1"]
[SourceVersionDate "2018.04.19"]
[SourceQuality "1"]

1. e4 d6 2. d4 Nf6 3. Nc3 g6 4. Bg5 Bg7 5. Qd2 h6 6. Bf4 g5 7. Bg3 Nh5 8. 0-0-0 Nc6 9. Nge2 e6 10. d5 Ne5 11. Nd4 Bd7 12. Be2 Nxg3 13. hxg3 Qf6 14. f4 gxf4 15. gxf4 Ng6 16. dxe6 fxe6 17. f5 Qxd4 18. Qxd4 Bxd4 19. Rxd4 Ne5 20. Bh5+ Ke7 21. Rdd1 Raf8 22. fxe6 Bxe6 23. Nb5 Kd7 24. Nd4 Rf4 25. Bf3 Bf7 26. Rh3 Bg6 27. Ne2 Rf6 28. b3 Bf7 29. Rdh1 Be6 30. Rg3 Rg6 31. Rxg6 Nxg6 32. e5 c6 33. exd6 Kxd6 34. c4 Ke5 35. Rh5+ Kf6 36. Nd4 Bd7 37. Ra5 a6 38. Bh5 Nf4 39. g3 b6 40. Rxa6 Nxh5 41. g4 Nf4 42. Rxb6 Nd3+ 43. Kc2 Ne5 44. Kc3 Kg5 45. b4 Bxg4 46. Nxc6 Nxc6 47. Rxc6 h5 48. Rd6 h4 49. Rd5+ Kf4 50. Rd4+ Kg3 51. Rd3+ Bf3 0-1

[Event "Magdeburg Roechling Jubilee 2nd"]
[Site "Magdeburg"]
[Date "2018.03.02"]
[Round "7"]
[White "Schorra, Helmut"]
[Black "Pruefer, Friedbert"]
[Result "1/2-1/2"]
[WhiteElo "2056"]
[BlackElo "2147"]
[PlyCount "33"]
[EventDate "2018.02.24"]
[EventType "swiss"]
[EventRounds "9"]
[EventCountry "GER"]
[SourceTitle "EXT 2019"]
[Source "ChessBase"]
[SourceDate "2018.10.10"]
[SourceVersion "1"]
[SourceVersionDate "2018.10.10"]
[SourceQuality "1"]

1. e4 d6 2. d4 Nf6 3. Nc3 g6 4. Be3 c6 5. Qd2 b5 6. Bd3 Nbd7 7. a4 b4 8. Nce2 a5 9. Nf3 Bg7 10. Bh6 0-0 11. Bxg7 Kxg7 12. Ng3 c5 13. e5 Ng8 14. 0-0 dxe5 15. dxe5 Nb6 16. Be4 Qxd2 17. Nxd2 1/2-1/2